K rozpočtové a daňové reformě prěd sedmdesáti roky
Rok 1927 bol systémovým zlomom v ekonomickej histórii prvého Československa. Nové chápanie a štruktúra štátneho rozpočtu. Nový daňový systém. Zavedenie tzv. stabilizačných bilancií. Osobnosti vtedajšieho ekonomického diania - Alois Rašín a Karel Engliš.
Salvato in:
| Autore principale: | |
|---|---|
| Natura: | Capitolo di libro |
| Lingua: | ceco |
| Soggetti: | |
| Tags: |
Nessun Tag, puoi essere il primo ad aggiungerne!!
|
MARC
| LEADER | 00000naa a2200000 4500 | ||
|---|---|---|---|
| 001 | r026774 | ||
| 005 | 20230922092312.1 | ||
| 041 | 0 | |a cze | |
| 044 | |a CZ | ||
| 245 | 1 | 0 | |a K rozpočtové a daňové reformě prěd sedmdesáti roky |c František Vencovský |
| 520 | |a Rok 1927 bol systémovým zlomom v ekonomickej histórii prvého Československa. Nové chápanie a štruktúra štátneho rozpočtu. Nový daňový systém. Zavedenie tzv. stabilizačných bilancií. Osobnosti vtedajšieho ekonomického diania - Alois Rašín a Karel Engliš. | ||
| 610 | 2 | 0 | |a financie verejné |
| 610 | 2 | 0 | |a reformy daňové |
| 610 | 2 | 0 | |a rozpočet štátny |
| 610 | 2 | 0 | |a Rašín, A. |
| 610 | 2 | 0 | |a Engliš, K. |
| 610 | 2 | 0 | |a 1918 |
| 610 | 2 | 0 | |a ČSR |
| 610 | 2 | 0 | |a 1927 |
| 610 | 2 | 0 | |a sústava daňová |
| 100 | 1 | |a Vencovský, František | |